The global housing crisis : a sustainable new home financing model

Saved in:
Bibliographic Details
Main Author Sümer, Levent (Author)
Format Electronic eBook
LanguageEnglish
Published Cham : Palgrave Macmillan, 2024.
Subjects
Online AccessFull text
ISBN9783031726040
9783031726033
Physical Description1 online zdroj (xxvi, 210 stran) : ilustrace

Cover

LEADER 00000nam a2200000 i 4500
001 115499
003 CZ-ZlUTB
005 20260416143926.0
006 m o d
007 cr un|---aucuu
008 241204s2024 sz a ob 001 0 eng d
040 |a EBZ  |b eng  |c EBZ  |e rda 
020 |a 9783031726040  |q (electronic bk.) 
020 |z 9783031726033 
024 7 |a 10.1007/978-3-031-72604-0  |2 doi 
100 1 |a Sümer, Levent,  |e author. 
245 1 4 |a The global housing crisis :  |b a sustainable new home financing model /  |c Levent Sümer. 
264 1 |a Cham :  |b Palgrave Macmillan,  |c 2024. 
300 |a 1 online zdroj (xxvi, 210 stran) :  |b ilustrace 
336 |a text  |b txt  |2 rdacontent 
337 |a počítač  |b c  |2 rdamedia 
338 |a online zdroj  |b cr  |2 rdacarrier 
505 0 |a 1. From Lehman Brothers to Evergrande: Is Another Housing Crisis on its Way? -- 2. The Psychology of Homeownership: Does Owning a House Really Matter? -- 3. Housing Market Dynamics: Understanding the Recent Global Trends and Threats -- 4. Lessons (not) Learned Fom Past Housing Bubbles & Crises -- 5. How Do We Create a Housing Affordability Crisis: Türkiye Case -- 6. Housing Financing Models, Schemes and Policies: Global Practices -- 7. Time to Change the Rules of the Game: Introducing a Sustainable Home Financing Model -- 8. What the Future Holds: The Roadmap for a Sustainable Housing Industry. 
504 |a Obsahuje bibliografické odkazy a index. 
506 |a Plný text je dostupný pouze z IP adres počítačů Univerzity Tomáše Bati ve Zlíně nebo vzdáleným přístupem pro zaměstnance a studenty 
588 0 |a Online resource; title from PDF title page (SpringerLink, viewed December 4, 2024). 
650 0 |a Housing  |x Finance. 
650 0 |a Housing  |x Finance  |x Government policy. 
655 7 |a elektronické knihy  |7 fd186907  |2 czenas 
655 9 |a electronic books  |2 eczenas 
776 0 8 |i Print version:  |z 3031726030  |z 9783031726033 
856 4 0 |u https://search.ebscohost.com/login.aspx?direct=true&scope=site&db=nlebk&db=nlabk&AN=4082426&authtype=ip,shib&custid=s3936755 
992 |c EBOOK-TN  |c EBSCO 
993 |x NEPOSILAT  |y EIZ 
999 |c 115499  |d 115499